| 000 | 01262nam a2200337 i 4500 | ||
|---|---|---|---|
| 001 | 000025296 | ||
| 003 | DO-SdBNP | ||
| 005 | 20250918100538.0 | ||
| 007 | ta | ||
| 008 | 110214s2001 dr 000 0 spa d | ||
| 020 | _a9993483028 | ||
| 040 |
_aDO-SdBNP _bspa _cBNPHU _erda |
||
| 041 | _aspa | ||
| 082 | 4 |
_a972.93 _bF825p _222 |
|
| 100 | 1 |
_aFranco, Franklin J., _d1936- _eautor _4aut. _934417 |
|
| 245 | 1 | 3 |
_aEl pensamiento dominicano : _b1780-1940 / _cFranklin Franco Pichardo. |
| 264 | 4 |
_aSanto Domingo, República Dominicana : _bUniversitaria-UASD, _c©2001. |
|
| 300 |
_a362 páginas ; _c21 cm. |
||
| 336 |
_atexto _btxt _2rdacontent |
||
| 337 |
_asin mediación _bn _2rdamedia |
||
| 338 |
_avolumen _bnc _2rdacarrier |
||
| 490 | 1 |
_aPublicaciones de la Universidad Autónoma de Santo Domingo _v1005 |
|
| 490 | 1 |
_aHistoria y sociedad _v96 |
|
| 504 | _aBibliografía: páginas 359-362 | ||
| 590 | _aInventariado, 2023/BT | ||
| 650 | 7 |
_aAutores dominicanos _xPensamiento político y social _988571 |
|
| 651 | 7 |
_aRepública Dominicana _xHistoria _y1780-1940 _988636 |
|
| 710 | 2 | _aUniversidad Autónoma de Santo Domingo | |
| 830 | 0 |
_aPublicaciones de la Universidad Autónoma de Santo Domingo _n1005 _951820 _pHistoria y sociedad ; 96 |
|
| 942 |
_2ddc _cLBS1 |
||
| 999 |
_c24789 _d24789 |
||